000 01202nam0a22002651 4500
001 rc\4058171
005 20130415145959.7
021 _aRU
_b[52-39372]
035 _a(NLR Aleph) 008110830
090 _a9303046
_c9303046
100 _a20130415d1952 |||y0rusy50 ca
101 0 _arus
102 _aRU
105 _ac z |||||
200 1 _aМой опыт выращивания и откорма свиней
_e21 год работы на ферме
210 _aВологда
_cБ. и.
_d1952
215 _a28 с.
_cпортр.
_d19
300 _aПеред загл. авт.: А.Е. Люскова, Герой соц. труда лауреат Сталинской премии депутат Верховного Совета СССР зав. свинофермой колхоза "Буденновец" Междуреченск. района
606 _aСвиньи
_xУход и содержание
_xОпыт передовиков
_yВологодская область
_2psbo
700 1 _aЛюскова
_bА. Е.
_f1900-
_gАлександра Евгеньевна
801 0 _aRU
_bNLR
_gpsbo
801 1 _aRU
_bELAR
_2rusmarc
852 _aNLR
_jС90 Г-4/1735
942 _cBOOK
980 _aNB